书目信息 |
| 题名: |
自然保护区建设与管理
|
|
| 作者: | 杨小林 , 李永霞 主编 | |
| 分册: | ||
| 出版信息: | 北京 中国社会出版社 2018.03 |
|
| 页数: | 193页 | |
| 开本: | 24cm | |
| 丛书名: | ||
| 单 册: | ||
| 中图分类: | S759.9 | |
| 科图分类: | ||
| 主题词: | 自然保护区--zi ran bao hu qu--建设--教材 , 自然保护区--zi ran bao hu qu--管理--教材 | |
| 电子资源: | ||
| ISBN: | 978-7-5087-5850-3 | |
| 000 | 01036nam0 2200277 450 | |
| 001 | 0100010888 | |
| 005 | 20190905093952.0 | |
| 010 | @a978-7-5087-5850-3@dCNY35.00 | |
| 100 | @a20190904d2018 em y0chiy50 ea | |
| 101 | 0 | @achi |
| 102 | @aCN@b110000 | |
| 105 | @aak a 000yy | |
| 106 | @ar | |
| 200 | 1 | @a自然保护区建设与管理@Azi ran bao hu qu jian she yu guan li@f杨小林, 李永霞主编 |
| 210 | @a北京@c中国社会出版社@d2018.03 | |
| 215 | @a193页@c图@d24cm | |
| 320 | @a有书目 (第192-193页) | |
| 330 | @a该书是一本环境保护学理论著作, 全书在介绍自然保护区学相关理论的基础上, 结合西藏实际, 重点向读介绍了西藏自然保护区建设情况, 对于了解学习自然保护区知识, 特别是了解西藏自然保护区建设现状有一定的借鉴意义。 | |
| 333 | @a西藏农牧学院土教材 | |
| 606 | 0 | @a自然保护区@Azi ran bao hu qu@x建设@j教材 |
| 606 | 0 | @a自然保护区@Azi ran bao hu qu@x管理@j教材 |
| 690 | @aS759.9@v5 | |
| 701 | 0 | @a杨小林@Ayang xiao lin@4主编 |
| 701 | 0 | @a李永霞@Ali yong xia@4主编 |
| 801 | 0 | @aCN@c20190905 |
| 905 | @a河南城建学院图书馆@dS759.9@eY303 | |
| 自然保护区建设与管理/杨小林, 李永霞主编.-北京:中国社会出版社,2018.03 |
| 193页:图;24cm |
| 使用对象:西藏农牧学院土教材 |
| ISBN 978-7-5087-5850-3:CNY35.00 |
| 该书是一本环境保护学理论著作, 全书在介绍自然保护区学相关理论的基础上, 结合西藏实际, 重点向读介绍了西藏自然保护区建设情况, 对于了解学习自然保护区知识, 特别是了解西藏自然保护区建设现状有一定的借鉴意义。 |
| ● |
| 相关链接 |
|
|
|
正题名:自然保护区建设与管理
索取号:S759.9/Y303
 
预约/预借
| 序号 | 登录号 | 条形码 | 馆藏地/架位号 | 状态 | 备注 |
| 1 | 1439079 | 214390791 | 自科库401/401自科库 1排2列3层/ [索取号:S759.9/Y303] | 在馆 | |
| 2 | 1439080 | 214390808 | 自科库401/401自科库 1排2列3层/ [索取号:S759.9/Y303] | 在馆 |